000 00967nam a22003137a 4500
003 CHAP
005 20220817041551.0
008 971013s r 00010 d
010 _a18257
011 _a19229
035 _a23314
040 _cCHAP
090 _aFolleto 2854
110 _aCenter for Agricultural and Economic Development. Ames, Iowa
_921011
245 _aAnnual report
_b: 19 -
260 _aAmes, Iowa :
_bThe Center,
_c19 -
300 _av.
500 _aLa biblioteca tiene: 1967, 1969
590 _aBATCH-UPD
_b10
_c20130110
_lUCH01
_h1025
590 _aBATCH-UPD
_b10
_c20130410
_lUCH01
_h0629
590 _aBATCH-UPD
_b10
_c20130914
_lUCH01
_h1149
590 _aCONVERSION
_b10
_c20130109
_lUCH01
_h1311
650 1 4 _aDesarrollo económico.
650 1 4 _aPolítica agrícola
_zE.U.A.
_990383
650 1 4 _aPolítica económica
_xE.U.A.
_990503
901 _aBK
942 _cFOLL
949 _aFolleto 2854
_bBC
_cFOLL
_d-54290
_eTS1
_i23314
_mD
_si
999 _c18257
_d18257